Normal view
MARC view
- FINNEY,ANDY ENGLAND ELAINE
Entry Personal Name
001 - CONTROL NUMBER
- control field: 89334
003 - CONTROL NUMBER IDENTIFIER
- control field: NUST
005 - DATE AND TIME OF LATEST TRANSACTION
- control field: 20220222101546.0
008 - FIXED-LENGTH DATA ELEMENTS
- fixed length control field: 220222|| aca||aabn | a|a d
040 ## - CATALOGING SOURCE
- Original cataloging agency: NUST
- Transcribing agency: NUST
100 ## - HEADING--PERSONAL NAME
- Personal name: FINNEY,ANDY ENGLAND ELAINE
670 ## - SOURCE DATA FOUND
- Source citation: Work cat.: (NUST): FINNEY,ANDY ENGLAND ELAINE., MANAGING INTERACTIVE MEDIA /, 1996.
